Представление документа в формате RUSMARC

ПолеНазваниеЗначение
  Тип записи a
  Библиографический уровень m
001 Контрольный номер RU/IS/BASE/571754336
005 Дата корректировки 20201206205120.4
010 Индекс ISBN __
a ISBN 978-5-9268-1847-2 (в пер.)
d Цена 403-60
100 Данные общей обработки __
a Данные общей обработки 19180212d2017||||||| 0rusy0189 ca
101 Язык документа 0_
a Язык текста rus
102 Страна публикации __
a Страна публикации ru|
105 Кодированные данные (монография) __
a Кодированные данные (монография) ||||||||000zy
200 Заглавие и сведения об ответственности 1_
a Заглавие Седьмая симфония
e Сведения, относящиеся к заглавию [повесть]
f Первые сведения об ответственности Тамара Цинберг ; художник Елена Жуковская
b Общее обозначение материала Текст
210 Выходные данные __
a Место издания Санкт-Петербург
a Место издания Москва
c Издательство Речь
d Дата издания 2017
215 Физическое описание __
a Объем 141, [2] с.
c Иллюстрации/тип воспроизводства ил.
d Формат 24 см
225 Серия __
a Серия Серия: Вот как это было
300 Общие примечания __
a Общие примечания 4000 экз.
330 Аннотация __
a Аннотация Блокада Ленинграда. Юная Катя берёт под свою опеку трёхлетнего мальчика, спасая его от смерти. И благодаря этому сама обретает силы жить дальше. Повесть Тамары Сергеевны Цинберг рассказывает удивительно светлую и честную историю о незаметных ежедневных подвигах ленинградцев и о том, что же означала храбрость отдельного человека в годы Великой Отечественной войны. В проникновенных, тонко созвучных тексту иллюстрациях Елены Жуковской читатели увидят суровую и волевую Катю - девочку с добрым сердцем и чистой душой, маленького, хрупкого Митю и прекрасный, несломленный город.
333 Примечание о целевом назначении __
a Примечание о целевом назначении 12+. Для детей старше 12 лет
606 Тематические рубрики __
a Основная рубрика Художественная литература
z Хронологическая подрубрика 20 в.
y Географическая подрубрика Россия
606 Тематические рубрики __
a Основная рубрика Русская литература XX в. (произведения)
610 Ключевые слова __
a Ключевые слова детская литература
a Ключевые слова повести
a Ключевые слова повести для детей
a Ключевые слова повести о войне
a Ключевые слова повести о детях
a Ключевые слова подростковая литература
a Ключевые слова тема блокады
a Ключевые слова тема блокады
a Ключевые слова тема Великой Отечественной войны
a Ключевые слова тема войны
a Ключевые слова тема девочек
a Ключевые слова тема детей
a Ключевые слова тема мальчиков
686 Индексы других классификаций __
2 Код системы rubbks
a Классификационный индекс 84(2=411.2)6-4; ст84(2Рос=Рус)6-4
700 Автор _1
a Фамилия Цинберг
b Имя Т. С.
f Даты 1908-1977
g Полное личное имя Тамара Сергеевна
4 Код отношения 070
702 Вторичная интеллектуальная ответственность _1
a Фамилия Жуковская
b Имя Е.
4 Код отношения Художник
g Полное личное имя Елена
4 Код отношения 040
801 Источник записи _0
a Страна ru
b Организация Муниципальное бюджетное учреждение культуры "Централизованная библиотечная система" г. Сургут (Центральная городская библиотека им. А. С. Пушкина)
c Дата составления 20180212
g Правила каталогизации RCR
801 Источник записи _1
a Страна ru
b Организация Муниципальное бюджетное учреждение культуры "Централизованная библиотечная система" г. Сургут (Центральная городская библиотека им. А. С. Пушкина)
c Дата составления 20180212
g Правила каталогизации RCR
852 Данные о местонахождении __
j Шифр хранения 84(2=411.2)6-4
i Авторский знак Ц 62
901 Тип документа __
t Тип документа m
a Ответственный ООФиК/Волкова
903 Характеристики (МАРС) __
a Дата передачи 20180212
969 Тип издания __
a Тип издания издание для детей
990 Данные о заказе (DOS) __
j Количество экземпляров (DOS) 9
t N записи в КСУ для И/У (DOS) 201803